La tierra es plana: breve historia del mundo globalizado del siglo XXI

I tiakina i:
Ngā taipitopito rārangi puna kōrero
Kaituhi matua: Friedman, Thomas (Author)
Hōputu: Pukapuka
Reo:Pāniora
I whakaputaina: Madrid MR 2005
Putanga:1a. ed
Ngā marau:
Ngā Tūtohu: Tāpirihia he Tūtohu
Kāore He Tūtohu, Me noho koe te mea tuatahi ki te tūtohu i tēnei pūkete!

MARC

LEADER 00000nam a2200000 a 4500
001 UCK9790
003 CL-VaPUC
008 060531e20050000SP |||||||||||||||||spa|d
020 |a 8427032226 
082 0 4 |a 303.4  |b FRI  |2 21 
100 0 |a Friedman, Thomas  |e author  |9 499711 
245 1 3 |a La tierra es plana: breve historia del mundo globalizado del siglo XXI 
250 |a 1a. ed 
300 |a 495 p 
942 |c BK 
945 |d 20060531 00:00:00  |a jtorresc 
260 |a Madrid  |b MR  |c 2005 
650 0 |a Cambio social   |9 256857 
650 0 |a Globalización  |9 361930 
650 0 |a Desarrollo económico y social   |9 256320 
650 0 |a Problemas sociales  |9 258537 
650 7 |a CONSECUENCIAS  |2 CL-VaPUC  |9 393685 
583 |a last modification  |c 20060531 00:00:00  |k Rodrigo Vera 
999 |c 316852  |d 316850 
952 |0 0  |1 0  |4 0  |6 303_400000000000000_FRI_2005  |7 0  |8 A  |9 392361  |a BIBGIM  |b BIBGIM  |d 2019-11-22  |i 4236718  |o 303.4 FRI 2005  |p 4236718  |r 2025-01-15  |w 2019-11-22  |y BK  |k GIM 
952 |0 0  |1 0  |4 0  |6 303_400000000000000_FRI_2005  |7 0  |8 A  |9 392362  |a BIBHIS  |b BIBHIS  |d 2019-11-22  |i 4243498  |o 303.4 FRI 2005  |p 4243498  |r 2025-01-20  |w 2019-11-22  |y BK  |k HIS